000 01019nam a2200241Ia 4500
999 _c4793
_d4793
003 OSt
005 20200505122424.0
008 191128s2009 ck gr 000 0 spa d
020 _a9789589177211
040 _aCO-JMCR
_cCO-JMCR
041 0 _aspa
082 0 4 _a306.09861 /
_bG351c
100 1 _aGómez Rincón, María Barbarita,
_eeditora
_93943
245 1 0 _aCompendio de políticas culturales :
_bdocumento de discusión 2009 /
_ceditora, María Barbarita Gómez Rincón
250 _aPrimera edición
260 _aBogotá :
_bMinisterio de Cultura,
_c2009
300 _a508 páginas ;
_c28 cm.
505 _aContextos -- Políticas -- Interpretaciones
520 _aTodo acto cultural tiene consecuencias. Y toda política cultural deja un legado capaz de transformar a la sociedad. De las inmensas repercusiones de un acto, en apariencia lateral, puede dar fe la Real Expedición Botánica.
650 1 4 _aPolítica Política cultural
_93944
650 2 4 _aPolítica gubernamental
_91835
942 _2ddc
_cBK